| 000 | 00530nam a2200133Ia 4500 | ||
|---|---|---|---|
| 008 | 171212s9999 xx 000 0 und d | ||
| 020 | _a9780833037022 | ||
| 100 | _aHelmus, Todd C.;Glenn, Russell W. | ||
| 245 |
_cHelmus, Todd C.;Glenn, Russell W. _aSteeling the Mind _bCombat Stress Reactions and Their Implications for Urban Warfare |
||
| 260 |
_bRAND Corporation _c2005 |
||
| 650 | _aManagement & Organizational Behavior | ||
| 650 | _aWar neuroses -- United States; Urban warfare | ||
| 856 | _uwww.jstor.org/stable/10.7249/mg191a | ||
| 999 |
_c352564 _d352564 |
||